| 000 | 01475nam a22004457a 4500 | ||
|---|---|---|---|
| 003 | OSt | ||
| 005 | 20230531085217.0 | ||
| 008 | 221006b |||||||| |||| 00| 0 eng d | ||
| 040 | _cBiblioteca Lado V | ||
| 082 |
_a709.05 _bH737p |
||
| 100 |
_9833 _aHollander, Kurt _eeditor |
||
| 245 |
_aPoliéster/ _bsports/ |
||
| 260 |
_bConsejo Nacional para la Cultura y las Artes _c1995 _aMexico |
||
| 300 |
_c21x27cm _a64p. |
||
| 366 | _espa | ||
| 490 |
_a17 _v5 _x1405-0560 |
||
| 505 | _aGabriel Orozco | ||
| 505 | _aPriscilla Monge | ||
| 505 | _aMatthew Barney | ||
| 505 | _aYishai Jusidman | ||
| 505 | _aGlenn Ligon | ||
| 505 | _aTonel | ||
| 505 | _aDiego Garcia de Gallego | ||
| 505 | _aTim Rattel | ||
| 505 | _aPaul McCarthy | ||
| 505 | _aVivir es dejar huella | ||
| 505 | _aEnviromex | ||
| 505 | _aAdriana Varejao | ||
| 650 |
_2Tesauro de Arte & Arquitectura _aARTE _9703 |
||
| 650 |
_2Tesauro de Arte & Arquitectura _aPINTURA |
||
| 650 |
_2Tesauro de Arte & Arquitectura _aFOTOGRAFIA _9702 |
||
| 650 |
_2Tesauro de Arte & Arquitectura _aENTREVISTAS |
||
| 650 |
_2Tesauro de Arte & Arquitectura _aMISCELANEA |
||
| 650 |
_2Tesauro de Arte & Arquitectura _aPROYECTOS DE ARTE |
||
| 650 |
_2Tesauro de Arte & Arquitectura _aESPAÑOL |
||
| 650 |
_2Tesauro de Arte & Arquitectura _aARTE CONTEMPORANEO |
||
| 651 |
_2Tesauro de Arte & Arquitectura _aMEXICO |
||
| 700 |
_aPlender, Olivia _eEditora |
||
| 942 |
_2ddc _c1 _h709.05 _iH737p _n0 |
||
| 999 |
_c3755 _d3755 |
||